000 00262nam a22001217a 4500
082 _a822
_bSHA/J
100 _aSHAKESPEARE,WILLIAM
245 _aJULIUS CAESAR
260 _aAUSTRALIA
_bDAVID MCKAY
_c1999
300 _a176
650 _aPLAY
_zAUSTRALIA
942 _cBK
999 _c3540
_d3540